| 000 | 00384cam a22001097a 4500 | ||
|---|---|---|---|
| 008 | 180718b1958 xxu||||| |||| 00| 0 eng d | ||
| 082 | _aU6x54 In2 | ||
| 245 | _aAdministrative problems of state enterprises in India: report of a seminar, December 1957 | ||
| 260 |
_aNew Delhi _bIndian Institute of Public Administration _c1958 |
||
| 300 | _a188p. | ||
| 650 | _aGovernment enterprise - India | ||
| 999 |
_c475656 _d475656 |
||